Buffy contre les vampires - Le Quiz pour les fans #1 - Statistiques

Statistiques générales
  • Ce quiz a été pris 224 fois
  • Le résultat moyen est 10 sur 15
Statistiques - réponses
Question Réponse % Correct
Pourquoi Alex et Cordelia mettent un terme à leur relation dans la saison 3 ? Alex a embrassé Willow
84%
Dans quelle saison Willow et Tara se rencontrent-elles ? Saison 4
83%
Dans l’épisode « Le manuscrit » dans la saison 1, quand Buffy se noie, par qui est elle réanimée ? Alex
81%
Dans l’épisode « Halloween » de la saison 2, en quoi est déguisée Willow ? En fantôme
76%
Quel sport Buffy pratiquait elle dans son enfance ? Patinage artistique
76%
Dans la saison 7, comment meurt Jonathan ? Andrew le poignarde sous l’influence de la force
75%
Comment s’appelle le projet de Maggie Walsh dans la saison 4 ? Projet 314
75%
Quel femme ne fait pas partie des conquêtes amoureuses de Giles ? Nathalie French
74%
Avec quel garçon Buffy n’a-t-elle jamais eu de relation amoureuse ? Percy West
73%
Dans le dernier épisode de la saison 7 « La fin des temps », quel personnage survit à la bataille ? Kennedy
72%
Quel est le premier cadeau qu’Angel offre à Buffy ? Une croix
65%
Comment s’appelle la cousine de Buffy, qu’elle a vu mourir à l’hôpital quand elle avait 8 ans ? Celia
62%
Quelle est la date de naissance de Buffy Summers ? 19 janvier 1981
54%
Comme se prénomme la mère de Willow ? Sheila
51%
Quel est le deuxième prénom d’Alex ? Lavelle
39%
Aucun quiz correspondant
Distribution des résultats
% des personnes avec chaque résultat
Percentile par nombre de réponses
Votre historique - résultats
Vous n’avez pas pris ce quiz